Desempleo estrutural, pobreza y precariedad: coordenadas y estrategias de política social en la Argentina y América Latina
Bewaard in:
| Hoofdauteurs: | , |
|---|---|
| Formaat: | Boek |
| Taal: | Spaans |
| Gepubliceerd in: |
Buenos Aires
Nueva Visión
1996
|
| Reeks: | Colección La Investigación Social
|
| Onderwerpen: | |
| Tags: |
Voeg label toe
Geen labels, Wees de eerste die dit record labelt!
|
MARC
| LEADER | 00000nam a2200000 a 4500 | ||
|---|---|---|---|
| 001 | UCO1089 | ||
| 003 | CL-VaPUC | ||
| 008 | 000505e19960000AG |||||||||||||||||spa|d | ||
| 082 | 0 | 4 | |a 361.61 |b PEÑ |2 21 |
| 100 | 0 | |a Peñalva, Susana |e author |9 442898 | |
| 700 | 0 | |a Rofman, Alejandro |e author |9 442899 | |
| 245 | 1 | 0 | |a Desempleo estrutural, pobreza y precariedad: coordenadas y estrategias de política social en la Argentina y América Latina |
| 300 | |a 331 p | ||
| 942 | |c BK | ||
| 945 | |d 20000505 00:00:00 |a rbrito | ||
| 260 | |a Buenos Aires |b Nueva Visión |c 1996 | ||
| 650 | 0 | |a Políticas sociales |9 358116 | |
| 650 | 0 | |a Desempleo |9 257579 | |
| 650 | 0 | |a Pobreza |9 258652 | |
| 650 | 0 | |a Congresos |9 257560 | |
| 651 | 0 | |a Argentina |9 254888 | |
| 583 | |a last modification |c 20000505 00:00:00 |k Rodrigo Vera | ||
| 490 | 0 | |a Colección La Investigación Social | |
| 999 | |c 287722 |d 287720 | ||
| 952 | |0 0 |1 0 |4 0 |6 361_610000000000000_PEÑ_1996 |7 0 |8 A |9 334688 |a BIBGIM |b BIBGIM |d 2019-11-20 |i 3611256 |o 361.61 PEÑ 1996 |p 3611256 |r 2025-01-15 |w 2019-11-20 |y BK |k SSL | ||